000 03332nam a2200361 a 4500
001 ebr10748716
003 CaPaEBR
006 m o u
007 cr cn|||||||||
008 130612s2013 enkad sb 001 0 eng d
010 _z 2013018929
020 _z9781118414323 (hardback)
020 _z9781118706695 (e-book)
040 _aCaPaEBR
_cCaPaEBR
035 _a(OCoLC)859161390
050 1 4 _aTK5102.9
_b.K86 2013eb
082 0 4 _a621.382/2
_223
100 1 _aKuo, Sen M.
_q(Sen-Maw)
245 1 0 _aReal-time digital signal processing
_h[electronic resource] :
_bfundamentals, implementations and applications /
_cSen M. Kuo, Bob H. Lee, Wenshun Tian.
250 _a3rd ed.
260 _aChichester, West Sussex :
_bWiley,
_c2013.
300 _axvii, 544 p. :
_bill. (some col.)
504 _aIncludes bibliographical references and index.
520 _a"Real-Time Digital Signal Processing introduces fundamental digital signal processing (DSP) principles and will be updated to include the latest DSP applications, introduce new software development tools and adjust the software design process to reflect the latest advances in the field. In the 3rd edition of the book, the key aspect of hands-on experiments will be enhanced to make the DSP principles more interesting and directly interact with the real-world applications. All of the programs will be carefully updated using the most recent version of software development tools and the new TMS320VC5505 eZdsp USB Stick for real-time experiments. Due to its lower cost and portability, the new software and hardware tools are now widely used in university labs and in commercial industrial companies to replace the older and more expensive generation. The new edition will have a renewed focus on real-time applications and will offer step-by-step hands-on experiments for a complete design cycle starting from floating-point C language program to fixed-point C implementation, code optimization using INTRINSICS, and mixed C-and-assembly programming on fixed-point DSP processors. This new methodology enables readers to concentrate on learning DSP fundamentals and innovative applications by relaxing the intensive programming efforts, namely, the traditional DSP assembly coding efforts. The book is organized into two parts; Part One introduces the digital signal processing principles and theories, and Part Two focuses on practical applications. The topics for the applications are the extensions of the theories in Part One with an emphasis placed on the hands-on experiments, systematic design and implementation approaches. The applications provided in the book are carefully chosen to reflect current advances of DSP that are of most relevance for the intended readership"--
_cProvided by publisher.
533 _aElectronic reproduction.
_bPalo Alto, Calif. :
_cebrary,
_d2013.
_nAvailable via World Wide Web.
_nAccess may be limited to ebrary affiliated libraries.
650 0 _aSignal processing
_xDigital techniques.
650 0 _aTexas Instruments TMS320 series microprocessors.
655 7 _aElectronic books.
_2local
700 1 _aLee, Bob H.
700 1 _aTian, Wenshun.
710 2 _aebrary, Inc.
856 4 0 _uhttp://site.ebrary.com/lib/rucke/Doc?id=10748716
_zAn electronic book accessible through the World Wide Web; click to view
999 _c113933
_d113933